01514cam a2200361 a 4500001001400000003000800014005001700022006001900039007001500058008004100073020003800114040003000152049002600182050002500208082001500233245015000248260005200398300004400450504005100494520024200545521001700787588004700804650002400851655002900875700002100904700001900925700002000944710001600964776003500980856010201015942001601117999001901133EDZ0000085664StDuBDS20161031105143.0m||||||||d||||||||cr |||||||||||120522s2012 caua fo| 001|0|eng d a9781452240558 (ebook) :cNo price aStDuBDSbengcStDuBDSepn aAlfaisal Main Library 0aHF5415.2b.L383 201204a658.8322300aLeading edge marketing researchh[electronic resource] :b21st-century tools and practices /ceditors, Robert Kaden, Gerald Linda, Melvin Prince. aThousand Oaks, Calif. ;aLondon :bSAGE,c2012. a1 online resource (xix, 483 p.) :bill. aIncludes bibliographical references and index.8 aDesigned for advanced business students, marketing research academics, practitioners and consultants, this text provides guidance on how to master, apply, and disseminate knowledge of recent innovative developments in marketing research. aSpecialized. aDescription based on print version record. 0aMarketing research. 7aElectronic books.2local1 aKaden, Robert J.1 aLinda, Gerald.1 aPrince, Melvin.2 aSage eBooks08iPrint version :z978141299131540uhttp://ezproxy.alfaisal.edu/login?url=http://sk.sagepub.com/books/leading-edge-marketing-research 2lcccEBOOKS c480476d480476